[Event "9th Tabor Open 2013"]
[Site "Tabor CZE"]
[Date "2013.07.28"]
[Round "1.2"]
[White "Yagupov,I"]
[Black "Simkin,A"]
[Result "1-0"]
[WhiteElo "2389"]
[BlackElo "1871"]

1.e4 c5 2.Nf3 d6 3.d4 cxd4 4.Nxd4 Nf6 5.Nc3 a6 6.Be3 e5 7.Nb3 Be6 8.Qd2 Be7
9.f3 Nbd7 10.g4 O-O 11.g5 Nh5 12.O-O-O Nb6 13.Rg1 Nc4 14.Bxc4 Bxc4 15.Nd5 Bxd5
16.Qxd5 b5 17.Kb1 Qc7 18.Rc1 Rac8 19.c4 Qc6 20.Qxc6 Rxc6 21.cxb5 Rxc1+ 22.Rxc1 axb5
23.Rc7 Re8 24.Rb7 b4 25.Na5 Bf8 26.Nc6 f5 27.gxf6 Nxf6 28.Nxb4 Re6 29.a4 Ne8
30.Nd5 Nf6 31.a5  1-0

[Event "VIII Vladimir Dvorkovich Open"]
[Site "Taganrog RUS"]
[Date "2013.07.28"]
[Round "7.12"]
[White "Zakaryan,David"]
[Black "Solovyev,A"]
[Result "0-1"]
[WhiteElo "2276"]
[BlackElo "2167"]

1.e4 c5 2.Nf3 d6 3.d4 cxd4 4.Nxd4 Nf6 5.Nc3 a6 6.Be3 e5 7.Nb3 Be6 8.f3 Nbd7
9.Qd2 b5 10.g4 Nb6 11.g5 Nh5 12.O-O-O Nc4 13.Bxc4 bxc4 14.Na1 Rb8 15.Nd5 Rb5
16.a4 Rb7 17.Qc3 Be7 18.h4 Qc8 19.Nxe7 Kxe7 20.Rh2 Qc6 21.Qa3 Rd7 22.Rhd2 Rc8
23.c3 a5 24.Nc2 f5 25.exf5 Bxf5 26.Rd5 Ke6 27.Qa2 Ng3 28.Kb1 Ne2 29.Bc1 Rb8
30.Rb5 Rxb5 31.axb5 Qxb5 32.Qa3 Qb3 33.Rd2 Qxa3 34.bxa3 Rb7+ 35.Ka1 Nxc1  0-1

[Event "Politiken Cup 2013"]
[Site "Helsingor DEN"]
[Date "2013.07.29"]
[Round "4.16"]
[White "Grandelius,N"]
[Black "Bekker Jensen,Da"]
[Result "1-0"]
[WhiteElo "2573"]
[BlackElo "2310"]

1.e4 c5 2.Nf3 d6 3.d4 Nf6 4.Nc3 cxd4 5.Nxd4 a6 6.Be3 e5 7.Nb3 Be7 8.h3 b6
9.g4 Bb7 10.Qf3 h6 11.h4 Nbd7 12.O-O-O Rc8 13.g5 Rxc3 14.gxf6 Nxf6 15.bxc3 Bxe4
16.Qh3 Bxh1 17.Qxh1 d5 18.Bg2 e4 19.f3 Qc7 20.fxe4 dxe4 21.Bxe4 O-O 22.Bd3 a5
23.Qg2 h5 24.Bd2 Rd8 25.Nd4 Nd5 26.Nb5 Qc5 27.Qe4 g6 28.Rf1 Rd7 29.Rxf7 Qg1+
30.Rf1 Qg3 31.Qe6+  1-0

[Event "5th Rethymno Open"]
[Site "Rethymno GRE"]
[Date "2013.07.29"]
[Round "2.4"]
[White "Kourkoulos Arditis,Stamatis"]
[Black "Borovikov,V"]
[Result "1/2-1/2"]
[WhiteElo "2185"]
[BlackElo "2564"]

1.e4 c5 2.Nf3 d6 3.d4 cxd4 4.Nxd4 Nf6 5.Nc3 a6 6.Be3 e5 7.Nb3 Be7 8.Be2 Be6
9.O-O O-O 10.Nd5 Nbd7 11.Qd3 Bxd5 12.exd5 Ne8 13.f4 exf4 14.Bxf4 Bg5 15.Nd4 Bxf4
16.Rxf4 Ne5 17.Qb3 Nf6 18.Raf1 Nfd7 19.Qh3 Ng6 20.Bd3 Nde5 21.Bxg6 Nxg6 22.R4f2 Qb6
23.Nf5 Ne5 24.Kh1 g6 25.Nh6+ Kg7 26.Qh4 f5 27.Qg5 Kh8 28.h4 Qd8 29.g4 Qxg5
30.hxg5 Nc4 31.Re1 fxg4 32.Rxf8+ Rxf8 33.Re7 Ne5 34.c4 b6 35.b4 Nf3 36.c5 bxc5
37.bxc5 dxc5 38.d6 Nd4 39.Nf7+ Kg8 40.Nh6+ Kh8 41.d7 Nc6 42.Re6 Nd8 43.Re8 Kg7
44.Re7+ Kh8 45.Nxg4 Nc6 46.Re8 Kg7 47.Ne5 Rf1+ 48.Kg2 Rd1 49.Nxc6 Rxd7 50.Ne5 Rc7
51.Nc4 h6 52.gxh6+ Kxh6 53.Re6 Kg5 54.Rxa6 Kf4 55.a4 Ke4 56.Rxg6 Kd4 57.Rg4+ Kc3
58.a5 Kb4 59.Kf3 Kb5 60.Re4 Rd7 61.Kf4 Rd8 62.Ke5 Rd1 63.Ke6 Rd4 64.Ke5 Rd1
65.Rh4 Rd3 66.Nb2 Rd4 67.Rh8 Kxa5 68.Rb8 Ka6 69.Rb3 Rb4 70.Ra3+ Kb5 71.Nd3 Rh4
72.Rc3 c4 73.Nf4 Rh1 74.Nd5  1/2-1/2

[Event "5th Rethymno Open"]
[Site "Rethymno GRE"]
[Date "2013.07.29"]
[Round "2.18"]
[White "Goumas,G"]
[Black "Kopasov,E"]
[Result "1-0"]
[WhiteElo "2381"]
[BlackElo "1993"]

1.e4 c5 2.Nf3 d6 3.d4 cxd4 4.Nxd4 Nf6 5.Nc3 a6 6.Be3 e5 7.Nb3 Be6 8.h3 h5
9.f4 exf4 10.Bxf4 Nc6 11.Qe2 Ne5 12.O-O-O Qc7 13.Nd4 Bc4 14.Qf2 O-O-O 15.Bxc4 Nxc4
16.Nf5 Rg8 17.Qd4 Ne5 18.Rhf1 g5 19.Bh2 Rg6 20.Kb1 Rd7 21.Na4 Kb8 22.Nb6 Rd8
23.Bxe5 Nxe4 24.Rfe1 Nc5 25.Bf6 Qxb6 26.Bxd8 Qxd8 27.Qxc5  1-0

[Event "9th Tabor Open 2013"]
[Site "Tabor CZE"]
[Date "2013.07.29"]
[Round "3.49"]
[White "Sykora,Ladislav"]
[Black "Pribylova,Sofie"]
[Result "1-0"]
[WhiteElo "1874"]
[BlackElo "1437"]

1.e4 c5 2.Nf3 d6 3.d4 cxd4 4.Nxd4 Nf6 5.Nc3 a6 6.Be3 e6 7.f3 Be7 8.g4 Nc6
9.Qd2 b5 10.Nxc6 Qc7 11.Nxe7 Qxe7 12.O-O-O O-O 13.Qxd6 Qb7 14.Qb6 b4 15.Qxb7 Bxb7
16.Na4 Rac8 17.Nc5 Bc6 18.Bxa6 Ra8 19.Bc4 h6 20.h4 Rfc8 21.g5 hxg5 22.hxg5 Ne8
23.Rh2 Kf8 24.g6 Nf6 25.gxf7 Kxf7 26.Bxe6+  1-0

[Event "5th Rethymno Open"]
[Site "Rethymno GRE"]
[Date "2013.07.30"]
[Round "4.2"]
[White "Tukhaev,A"]
[Black "Ashwin,J"]
[Result "1/2-1/2"]
[WhiteElo "2520"]
[BlackElo "2470"]

1.e4 c5 2.Nf3 d6 3.d4 cxd4 4.Nxd4 Nf6 5.Nc3 a6 6.Be3 e6 7.g4 h6 8.Bg2 Nc6
9.h3 Be7 10.Qd2 Nxd4 11.Qxd4 e5 12.Qd3 Be6 13.O-O-O Qa5 14.Kb1 Rc8 15.Nd5 Nxd5
16.exd5 Bd7 17.Bd2 Qb5 18.Qxb5 Bxb5 19.f4 exf4 20.Bxf4 O-O 21.Rhe1 Rfe8 22.b3  1/2-1/2

[Event "Biel MTO 2013"]
[Site "Biel SUI"]
[Date "2013.07.31"]
[Round "9.16"]
[White "Nuri,Kam"]
[Black "Cherniaev,A1"]
[Result "1-0"]
[WhiteElo "2244"]
[BlackElo "2447"]

1.e4 c5 2.Nc3 a6 3.Nge2 d6 4.d4 cxd4 5.Nxd4 Nf6 6.Be3 g6 7.f3 b5 8.Qd2 Bb7
9.g4 h6 10.h4 Nbd7 11.O-O-O Nb6 12.h5 gxh5 13.g5 hxg5 14.Bxg5 Nfd7 15.Nf5 Ne5
16.Nxb5 Nbc4 17.Bxc4 Nxc4 18.Qb4 Qd7 19.Qxc4 Qxb5 20.Qc3 Rh7 21.Rhg1 Rc8
22.Qd2 Rh8 23.Bxe7 Bxe7 24.Nxe7 Kxe7 25.Qxd6+ Ke8 26.Qf6 Qc5 27.Qxh8+ Ke7
28.Qc3 Qxc3 29.bxc3 Rxc3 30.Rd3 Rc6 31.Rd5 Rf6 32.Rf5 Rxf5 33.exf5 Bxf3 34.Kd2 Bg4
35.Rf1 Kf6 36.c4 Bxf5 37.c5 Ke5 38.c6 Be6 39.c7 Kd6 40.Rxf7 Bc8 41.Kc3 h4
42.Rh7 h3 43.Kb4 Kc6 44.Rh6+ Kxc7 45.Kc5 Bf5 46.Rxa6 Be4 47.Rh6 Bg2 48.Rh7+ Kd8
49.Kb6 Ke8 50.a4 Kf8 51.a5 Kg8 52.Rh4  1-0

[Event "Biel MTO 2013"]
[Site "Biel SUI"]
[Date "2013.07.31"]
[Round "9.8"]
[White "Saric,Iv"]
[Black "Schiendorfer,E"]
[Result "1-0"]
[WhiteElo "2639"]
[BlackElo "2392"]

1.e4 c5 2.Nf3 d6 3.d4 cxd4 4.Nxd4 Nf6 5.Nc3 a6 6.Be3 Ng4 7.Bg5 h6 8.Bh4 g5
9.Bg3 Bg7 10.h3 Ne5 11.f3 Nbc6 12.Bf2 Be6 13.Qd2 Qa5 14.Nb3 Bxb3 15.cxb3 Rc8
16.O-O-O O-O 17.Kb1 Ng6 18.Nd5 Qxd2 19.Rxd2 e6 20.Nb6 Rcd8 21.a3 d5 22.exd5 exd5
23.b4 d4 24.b5 axb5 25.Bxb5 Nf4 26.Bg3 Rfe8 27.Rc1 d3 28.Bxf4 gxf4 29.Rxd3 Rxd3
30.Bxd3 Rd8 31.Be4 Rd2 32.Rc2 Rxc2 33.Kxc2 Nd8 34.a4 Bf8 35.a5 Bb4 36.Nc4 Bc5
37.Kc3 Kf8 38.b4 Bf2 39.Nd6 Ke7 40.Nf5+ Ke6 41.Nxh6 Nc6 42.Bxc6 bxc6 43.Ng4 Bg1
44.a6 f5 45.Nh2 Kd6 46.h4 Ke5 47.Nf1 Kf6 48.Nd2 Kg6 49.Nb3  1-0

[Event "Politiken Cup 2013"]
[Site "Helsingor DEN"]
[Date "2013.07.31"]
[Round "6.10"]
[White "Tari,A"]
[Black "Schandorff,L"]
[Result "1/2-1/2"]
[WhiteElo "2383"]
[BlackElo "2522"]

1.e4 c5 2.Nf3 d6 3.d4 cxd4 4.Nxd4 Nf6 5.Nc3 a6 6.Be3 e5 7.Nb3 Be7 8.h3 Be6
9.Qf3 O-O 10.g4 a5 11.Bb5 Na6 12.O-O-O Nc7 13.Bb6 Qb8 14.Bxc7 Qxc7 15.Kb1 Rfc8
16.a4 Nd7 17.Qe2 Nb6 18.h4 Bc4 19.Bxc4 Qxc4 20.Qxc4 Rxc4 21.Nd2 Rxc3 22.bxc3 Nxa4
23.Rh3 b5 24.Kc1 Nc5 25.Kb2 Rc8 26.Ka2 Na4  1/2-1/2

[Event "9th Ribeira Valley Open 2013"]
[Site "Registro BRA"]
[Date "2013.07.31"]
[Round "3.21"]
[White "Caporale,G"]
[Black "Garkauskas,Otto Dmitry"]
[Result "0-1"]
[WhiteElo "1768"]
[BlackElo "2089"]

1.e4 c5 2.Nf3 d6 3.d4 cxd4 4.Nxd4 Nf6 5.Nc3 a6 6.Be3 e5 7.Nf3 Be7 8.Bc4 O-O
9.Qd3 Be6 10.Bd5 Bxd5 11.Nxd5 Nxd5 12.Qxd5 Nc6 13.c3 Rc8 14.O-O Kh8 15.Rad1 f5
16.exf5 Rxf5 17.Nd2 Rf6 18.Ne4 Rg6 19.b4 Qg8 20.Qxg8+ Kxg8 21.Rd5 Nd8 22.Rfd1 Rc6
23.a4 Nf7 24.R1d3 Kf8 25.f3 Ke8 26.Kf2 Kd7 27.a5 Ke6 28.g3 Kd7 29.h4 Kc7
30.Bb6+ Kc8 31.h5 Re6 32.g4 Ng5 33.Nxg5 Bxg5 34.Be3 Bxe3+ 35.Kxe3 Kc7 36.g5 Rc4
37.b5 Rh4 38.bxa6 bxa6 39.Rd1 Rh3 40.Ke4 Rxh5 41.Ke3 Kc6 42.R5d2 Kc5 43.Rd5+ Kc6
44.R5d2 Rh3 45.Ke4 Rh5 46.Rg1 d5+ 47.Kf5 Kd6 48.Kg4 g6  0-1

[Event "5th Rethymno Open"]
[Site "Rethymno GRE"]
[Date "2013.07.31"]
[Round "5.4"]
[White "Tukhaev,A"]
[Black "Borovikov,V"]
[Result "1-0"]
[WhiteElo "2520"]
[BlackElo "2564"]

1.e4 c5 2.Nf3 d6 3.d4 cxd4 4.Nxd4 Nf6 5.Nc3 a6 6.Be3 e5 7.Nb3 Be7 8.h3 Be6
9.f4 exf4 10.Bxf4 d5 11.e5 Nfd7 12.Nxd5 Bh4+ 13.g3 g5 14.gxh4 gxf4 15.Nf6+ Nxf6
16.Qxd8+ Kxd8 17.exf6 Nd7 18.O-O-O Kc7 19.Rd4 f3 20.Rf4 Ne5 21.Nd4 Bd5 22.Rg1 Rag8
23.Rg7 Rxg7 24.fxg7 Rg8 25.Nf5 Be6 26.h5 h6 27.Nxh6 Rxg7 28.Ng4 Bxg4 29.hxg4 Rxg4
30.Rxg4 Nxg4 31.Kd2 f2 32.Ke2 Kd6 33.Bh3 Nh6 34.Kxf2 f5 35.c4 b6 36.b4 Ke5
37.c5 bxc5 38.bxc5 Kd5 39.Kf3 Kxc5 40.Kf4 Kd6 41.Kg5 Nf7+ 42.Kf6  1-0

[Event "Sparkassen Open A 2013"]
[Site "Dortmund GER"]
[Date "2013.08.01"]
[Round "6.2"]
[White "Scheider,J"]
[Black "Wagner,Al"]
[Result "1/2-1/2"]
[WhiteElo "2305"]
[BlackElo "2220"]

1.e4 c5 2.Nf3 d6 3.d4 cxd4 4.Nxd4 Nf6 5.Nc3 a6 6.Be3 e5 7.Nb3 Be6 8.f4 exf4
9.Bxf4 Nc6 10.Qd2 d5 11.O-O-O Bb4 12.Qd3 Bxc3 13.Qxc3 O-O 14.exd5 Nxd5 15.Qg3 Rc8
16.Bd3 Ncb4 17.Kb1 Nxd3 18.Rxd3 Bf5 19.Rd2 Rxc2 20.Rxc2 Nb4 21.Na1 Qd5 22.b3 Rc8
23.Rc1 Nxc2 24.Nxc2 Rxc2 25.Rxc2 Qd1+ 26.Kb2 Qxc2+ 27.Ka3 h5 28.Be5 Bg6 29.Bd4 Qc1+
30.Bb2 Qc6 31.Qc3 Qd6+ 32.Qb4 Qd7 33.Qd4 Qe7+ 34.Qb4 Qg5 35.g3 f6 36.Bc3 Qc1+
37.Bb2 Qg5 38.Bc3 b5 39.Qd4 Kh7 40.Kb4 Qc1 41.Qd2 Qxd2 42.Bxd2 Bb1 43.a4 bxa4
44.bxa4 Kg6 45.h4 Kf5 46.Bf4 Ba2 47.a5  1/2-1/2

[Event "9th Tabor Open 2013"]
[Site "Tabor CZE"]
[Date "2013.08.02"]
[Round "7.21"]
[White "Miesbauer,Jan"]
[Black "Malcanek,J"]
[Result "1-0"]
[WhiteElo "1923"]
[BlackElo "2069"]

1.e4 c5 2.Nf3 d6 3.d4 cxd4 4.Nxd4 Nf6 5.Nc3 a6 6.Be3 e5 7.Nb3 Be6 8.f3 Nbd7
9.Qd2 Rc8 10.g4 Nb6 11.g5 Nfd7 12.O-O-O Be7 13.h4 O-O 14.Kb1 f5 15.gxf6 Nxf6
16.h5 Nc4 17.Bxc4 Rxc4 18.Qg2 Kh8 19.Nc5 Bg8 20.Nd3 Qe8 21.Rdg1 Qf7 22.f4 Rfc8
23.fxe5 Rxc3 24.e6 Qf8 25.bxc3 Bxe6 26.Nf4 Bg8 27.Bd4  1-0

[Event "9th Tabor Open 2013"]
[Site "Tabor CZE"]
[Date "2013.08.02"]
[Round "7.48"]
[White "Vystrcil,Martin"]
[Black "Hellinger,Jan"]
[Result "0-1"]
[WhiteElo "1768"]
[BlackElo "1621"]

1.e4 c5 2.Nf3 d6 3.d4 cxd4 4.Nxd4 Nf6 5.Nc3 a6 6.Be3 Qc7 7.Be2 e6 8.O-O Be7
9.f4 Nc6 10.Nxc6 bxc6 11.Bf3 Rb8 12.Rb1 O-O 13.Qe2 Bb7 14.Rfd1 Rfd8 15.Na4 c5
16.Bf2 Qa5 17.b3 Qc7 18.c4 Bc6 19.Nc3 Nd7 20.Bg3 Nf8 21.f5 Bf6 22.Rbc1 Bd4+
23.Bf2 e5 24.Nd5 Bxd5 25.cxd5 Bxf2+ 26.Kxf2 Qb6 27.Kg3 Nd7 28.h4 h6 29.Kh3 Qb5
30.Qf2 Nf6 31.g4 Nh7 32.Be2 Qb7 33.Rg1 f6 34.Bc4 Kf8 35.Qe2 Ra8 36.Rb1 Qa7
37.Rb2 a5 38.Rgb1 Rab8 39.a3 Rb6 40.b4 axb4 41.axb4 cxb4 42.Rxb4 Rdb8 43.Rxb6 Rxb6
44.Qe3 Rb7 45.Qxa7 Rxa7 46.Rb8+ Ke7 47.Be2 Ra3+ 48.Kg2 Ra7 49.Bf3 Ra2+ 50.Kg3 Ra7
51.Rh8 Nf8 52.g5 fxg5 53.hxg5 hxg5 54.Kg4 Ra3 55.Rh5 Kf6 56.Rxg5 Rxf3 57.Rh5 Rf4+
58.Kg3 Rxe4 59.Rh8 Kf7 60.Kf3 Rf4+ 61.Ke3 Rxf5 62.Rh1 Nd7 63.Ra1 g5  0-1

[Event "7th Wasselonne Open"]
[Site "Wasselonne FRA"]
[Date "2013.08.02"]
[Round "3.3"]
[White "Riff,JN"]
[Black "Duchateau,T"]
[Result "1-0"]
[WhiteElo "2427"]
[BlackElo "2075"]

1.e4 c5 2.Nc3 a6 3.Nf3 d6 4.d4 cxd4 5.Nxd4 Nf6 6.Be3 e6 7.g4 h6 8.h3 b5 9.Bg2 Bb7
10.a3 Qc7 11.O-O Nc6 12.Qe2 Nxd4 13.Bxd4 Be7 14.Rad1 O-O 15.Be3 Rfd8 16.g5 hxg5
17.Bxg5 Nh7 18.Bf4 Bf6 19.Rd3 Qc4 20.Qd2 e5 21.Be3 Be7 22.Rd1 Nf6 23.Bg5 Qe6
24.h4 Ne8 25.Bh3 Bxg5 26.hxg5 Qc4 27.g6 fxg6 28.Qg5 Qf7 29.Nd5 Nf6 30.Rf3 Rf8
31.Qh4 Rae8 32.Nxf6+ gxf6 33.Rxd6 Kg7 34.Be6 Rxe6 35.Rh3 f5 36.exf5 Qxf5
37.Rd7+  1-0

[Event "Politiken Cup 2013"]
[Site "Helsingor DEN"]
[Date "2013.08.03"]
[Round "9.13"]
[White "Rasmussen,A"]
[Black "Matthiesen,M"]
[Result "1-0"]
[WhiteElo "2502"]
[BlackElo "2275"]

1.e4 c5 2.Nf3 d6 3.d4 cxd4 4.Nxd4 Nf6 5.Nc3 a6 6.Be3 e5 7.Nb3 Be6 8.h3 Nbd7
9.g4 h6 10.f4 exf4 11.Bxf4 Ne5 12.Qe2 Qc7 13.O-O-O Be7 14.Kb1 Rc8 15.Rg1 Nfd7
16.Nd4 Nc4 17.Rg3 Nde5 18.Nf5 Bf6 19.Nd5 Bxd5 20.Rxd5 O-O 21.Rc3 Qb8 22.Bc1 b5
23.h4 Nd7 24.Rh3 Ndb6 25.Rdd3 Na4 26.b3 Nab2 27.Bxb2 Nxb2 28.Rxd6 Nc4 29.bxc4 bxc4+
30.Kc1 Be5 31.Qd2 c3 32.Qd3 Bxd6 33.Nxd6 Qb2+ 34.Kd1 Rfd8 35.e5 Rc5 36.Re3 Qxa2
37.Ke1 Qe6 38.Qe4 Qe7 39.g5 hxg5 40.Bd3 g6 41.h5 Qe6 42.hxg6  1-0

[Event "114th US Open"]
[Site "Middleton USA"]
[Date "2013.08.03"]
[Round "8"]
[White "Li,Ruifeng"]
[Black "Martin del Campo,R"]
[Result "0-1"]
[WhiteElo "2212"]
[BlackElo "2386"]

1.e4 c5 2.Nf3 d6 3.d4 cxd4 4.Nxd4 Nf6 5.Nc3 a6 6.Be3 e6 7.Qf3 Nbd7 8.Be2 Qc7
9.g4 Ne5 10.Qg2 Nc4 11.Bxc4 Qxc4 12.g5 Nd7 13.Nde2 b5 14.a3 Bb7 15.O-O Be7
16.Rad1 O-O 17.Ng3 f5 18.gxf6 Nxf6 19.f3 Rf7 20.Qe2 Qc7 21.f4 d5 22.e5 Ne4
23.Bd4 Nxc3 24.bxc3 g6 25.Qg4 Bc8 26.Rd2 Rg7 27.Rg2 Bxa3 28.Kh1 Bf8 29.Rfg1 Qf7
30.Qf3 a5 31.h4 a4 32.f5 exf5 33.Nh5 a3 34.Nxg7 Bxg7 35.c4 bxc4 36.h5 Ra6
37.hxg6 hxg6 38.Qh3 a2 39.Rh2 a1=Q 40.Rxa1 Rxa1+ 41.Bxa1 d4 42.Re2 c3 43.Qh4 Qd5+
44.Kg1 d3 45.cxd3 Qxd3 46.Qf2 Qd1+ 47.Re1 c2 48.Qf1 Qg4+ 49.Qg2 Qd1 50.Qf1 Qd5
51.Qf2 Bb7 52.Kh2 Bh6 53.Bb2 Bf4+ 54.Kh3 Qd3+ 55.Kh4 g5+  0-1

[Event "Arad Open 2013"]
[Site "Arad ROU"]
[Date "2013.08.04"]
[Round "2.8"]
[White "Petenyi,T"]
[Black "Nastase,R"]
[Result "1-0"]
[WhiteElo "2480"]
[BlackElo "2099"]

1.e4 c5 2.Nf3 d6 3.d4 cxd4 4.Nxd4 Nf6 5.Nc3 a6 6.Be3 e6 7.f4 b5 8.Qf3 Bb7
9.Bd3 Nbd7 10.g4 b4 11.Nce2 e5 12.Nb3 d5 13.Ng3 Qc7 14.g5 dxe4 15.Nxe4 Nd5
16.f5 Be7 17.O-O-O O-O-O 18.Bxa6 Bxa6 19.Rxd5 Bb7 20.Rdd1 Qc4 21.Nd6+ Bxd6
22.Qxb7+ Kxb7 23.Na5+ Kc8 24.Nxc4 Bc7 25.Rd5 f6 26.Rhd1 Nb8 27.gxf6 gxf6
28.Bc5 Nc6 29.Rxd8+ Rxd8 30.Rxd8+ Kxd8 31.Kd2 Kd7 32.Ke3 Bd8 33.Ke4  1-0

[Event "Politiken Cup 2013"]
[Site "Helsingor DEN"]
[Date "2013.08.04"]
[Round "10.3"]
[White "Cheparinov,I"]
[Black "Schandorff,L"]
[Result "1-0"]
[WhiteElo "2678"]
[BlackElo "2522"]

1.Nf3 c5 2.e4 d6 3.d4 cxd4 4.Nxd4 Nf6 5.Nc3 a6 6.Be3 e5 7.Nb3 Be7 8.f3 Be6
9.Qd2 O-O 10.O-O-O a5 11.a4 Nc6 12.Kb1 Nb4 13.g4 Qc7 14.g5 Nh5 15.Rg1 f5
16.g6 hxg6 17.Rxg6 Rf6 18.Rg2 f4 19.Bg1 b6 20.Qe1 Rc8 21.Rgd2 Bf8 22.Qf2 Rb8
23.Nc1 Rg6 24.Nd3 Nf6 25.Nb5 Qf7 26.Nxb4 axb4 27.Nxd6 Qc7 28.b3 Qc3 29.Rd3 Qc6
30.Nf5 Qc7 31.Nd6 Qc6 32.Be2 Rg5 33.Qe1 Rd8 34.Nc4 Rxd3 35.Bxd3 Bc5 36.Bf2 Qc7
37.Bf1 Kh7 38.h4 Rg6 39.Nb2 Nd7 40.Bxc5 bxc5 41.Bc4 Nf8 42.Bd5 Rg3 43.Qf2 Qe7
44.a5 Bc8 45.Nc4 Ba6 46.Rg1 Rxg1+ 47.Qxg1 Kh6 48.Qg5+ Qxg5 49.hxg5+ Kxg5
50.Nxe5  1-0

[Event "XI Miguel Najdorf Open A 2013"]
[Site "Warsaw POL"]
[Date "2013.08.06"]
[Round "2.15"]
[White "Nowak,L2"]
[Black "Malisauskas,V"]
[Result "1/2-1/2"]
[WhiteElo "1994"]
[BlackElo "2455"]

1.e4 c5 2.Nf3 d6 3.d4 cxd4 4.Nxd4 Nf6 5.Nc3 a6 6.Be3 e5 7.Nb3 Be7 8.h3 Be6
9.f4 exf4 10.Bxf4 Nc6 11.Qe2 Nd7 12.O-O-O Nde5 13.Kb1 O-O 14.g4 Rc8 15.Qg2 b5
16.g5 b4 17.Nd5 a5 18.Nd4 Bxd5 19.exd5 Nxd4 20.Rxd4 Qb6 21.Bxe5 dxe5 22.Rd1 a4
23.Bd3 b3 24.cxb3 axb3 25.a3 g6 26.h4 Ra8 27.h5 Bxa3 28.hxg6 Be7 29.Qh3 Ra1+
30.Kxa1 Qa5+ 31.Kb1 Qa2+ 32.Kc1 Bxg5+ 33.Rd2 h6 34.Qf5 Qa1+ 35.Bb1 Qa5 36.gxf7+ Rxf7
37.Qg6+ Kf8 38.Qd6+ Kg8 39.Qg6+  1/2-1/2

[Event "TCh-ESP CECLUB Div2"]
[Site "Ciudad Real ESP"]
[Date "2013.08.08"]
[Round "3.4"]
[White "Ibarra Jerez,JC"]
[Black "Alvarez Fernandez,E"]
[Result "1/2-1/2"]
[WhiteElo "2538"]
[BlackElo "2385"]

1.e4 c5 2.Nf3 d6 3.Nc3 Nf6 4.d4 cxd4 5.Nxd4 a6 6.Be3 e5 7.Nf3 Be7 8.Bc4 O-O
9.O-O Be6 10.Qe2 Qc7 11.Bxe6 fxe6 12.Ng5 Qc8 13.f4 h6 14.Nf3 Nbd7 15.Nh4 Qc6
16.Ng6 Rfe8 17.Qf3 Bd8 18.Kh1 exf4 19.Nxf4 Ne5 20.Qh3 Neg4 21.Nfe2 Bb6 22.Bxb6 Qxb6
23.Qg3 Kh7 24.h3 Ne5 25.b3 Rac8 26.Rad1 Qc5 27.Rd4 b5 28.b4 Qb6 29.a4 Rc4
30.Rxc4 Nxc4 31.axb5 axb5 32.Qd3 Ne5 33.Qxb5 Qxb5 34.Nxb5 Nxe4 35.Ra1 Rb8
36.Nbd4 Rxb4 37.Nxe6 Nc5 38.N6d4 Rb7 39.Rd1 Ne4 40.Kg1 Rc7 41.Kh2  1/2-1/2

[Event "FSIM August 2013"]
[Site "Budapest HUN"]
[Date "2013.08.09"]
[Round "7.4"]
[White "Szalanczy,E"]
[Black "Szeberenyi,A"]
[Result "0-1"]
[WhiteElo "2285"]
[BlackElo "2323"]

1.e4 c5 2.Nf3 d6 3.d4 cxd4 4.Nxd4 Nf6 5.Nc3 a6 6.Be3 e5 7.Nb3 Be6 8.Qd2 Nbd7
9.O-O-O b5 10.f3 Rc8 11.Kb1 Nb6 12.g4 b4 13.Bxb6 Qxb6 14.Nd5 Bxd5 15.exd5 a5
16.Qd3 Rb8 17.Qa6 Qxa6 18.Bxa6 Nd7 19.Bc4 Ra8 20.Rhe1 Be7 21.Bb5 Kd8 22.Re4 h5
23.h3 hxg4 24.hxg4 Nf6 25.Ree1 a4 26.Bc6 Ra7 27.Nd2 Kc7 28.Ne4 Nd7 29.Rh1 Rxh1
30.Rxh1 Nf8 31.Rh8 Kb6 32.Rg8 g6 33.g5 Nh7 34.Rb8+ Kc7 35.Rxb4 Nxg5 36.Nxg5 Bxg5
37.Bxa4 Be3 38.Be8 Kd8 39.Rb8+ Ke7 40.a4 g5 41.c3 f5 42.Kc2 g4 43.Kd3 Bf2
44.fxg4 fxg4 45.Ke2 g3 46.b4 Kf6 47.Bb5 Rh7 48.Rg8 e4 49.a5 Ke5 50.Re8+ Kf4
51.Rxe4+ Kxe4 52.Bd3+ Kf4 53.Bxh7 Be3 54.Kf1 Kf3 55.Be4+ Kxe4 56.Kg2 Kxd5
57.Kxg3 Kc4 58.Kf3 Bg1 59.Ke4 Bf2 60.Kf5 Kd5 61.Kf6 Be1 62.a6 Bxc3+ 63.Ke7 Bd4
64.Kd7 Bb6 65.b5 Kc5 66.Ke6 d5 67.Ke5 d4  0-1

[Event "HZ Open 2013"]
[Site "Vlissingen NED"]
[Date "2013.08.09"]
[Round "8.33"]
[White "Meertens,Mart"]
[Black "Van Der Werff,Frank"]
[Result "1-0"]
[WhiteElo "2177"]
[BlackElo "1983"]

1.e4 c5 2.Nf3 d6 3.d4 cxd4 4.Nxd4 Nf6 5.Nc3 a6 6.Be3 Ng4 7.Bg5 h6 8.Bh4 g5
9.Bg3 Bg7 10.h3 Ne5 11.f3 Nbc6 12.Bf2 b5 13.Qd2 Rb8 14.O-O-O Nxd4 15.Bxd4 Qa5
16.a3 Be6 17.Nd5 Qxd2+ 18.Rxd2 Bxd5 19.exd5 Rg8 20.Kb1 Ng6 21.Bxg7 Rxg7 22.a4 Ne5
23.Rd4 Nc4 24.Bxc4 bxc4 25.Rxc4 Kd7 26.Rc6 Ra8 27.Rb6 Kc7 28.a5 e5 29.Re1 Rgg8
30.Re3 Rgb8 31.Rc3+ Kd7 32.Rcc6 Rxb6 33.Rxb6 Rc8 34.Rxa6 Rc5 35.Ra7+ Ke8
36.b4 Rxd5 37.Rb7 Kd8 38.Rxf7 Rb5 39.c3 d5 40.Kc2 d4 41.Rh7  1-0

[Event "HZ Open 2013"]
[Site "Vlissingen NED"]
[Date "2013.08.09"]
[Round "8.15"]
[White "Kuipers,S"]
[Black "Timmermans,I"]
[Result "1/2-1/2"]
[WhiteElo "2437"]
[BlackElo "2214"]

1.e4 c5 2.Nf3 d6 3.d4 cxd4 4.Nxd4 Nf6 5.Nc3 a6 6.Be3 e6 7.g4 e5 8.Nf5 h5
9.g5 Nxe4 10.Nxg7+ Bxg7 11.Nxe4 d5 12.Ng3 d4 13.Bd2 Qd5 14.Bd3 Bg4 15.Be4 Qd7
16.f3 Be6 17.h4 Nc6 18.Qe2 O-O-O 19.Qd3 Ne7 20.O-O-O Kb8 21.Kb1 f5 22.gxf6 Bxf6
23.f4 Nd5 24.f5 Bf7 25.Rh3 Rde8 26.b3 Qe7 27.Bxd5 Bxd5 28.Ne4 Bxh4 29.Rdh1 Bxe4
30.Qxe4 Bg5 31.Bxg5 Qxg5 32.Rh4 Ka8  1/2-1/2

[Event "XI Miguel Najdorf Open A 2013"]
[Site "Warsaw POL"]
[Date "2013.08.09"]
[Round "5.18"]
[White "Sujkowski,P"]
[Black "Eggink,R"]
[Result "0-1"]
[WhiteElo "1977"]
[BlackElo "2162"]

1.e4 c5 2.Nf3 d6 3.d4 cxd4 4.Nxd4 Nf6 5.Nc3 a6 6.Be3 e5 7.Nf3 Qc7 8.a4 b6
9.Be2 Bb7 10.Nd5 Nxd5 11.exd5 Be7 12.O-O O-O 13.c4 a5 14.Qb3 Nd7 15.Nd2 f5
16.f4 exf4 17.Bxf4 Bf6 18.Be3 Rae8 19.Rxf5 Nc5 20.Qa3 Qe7 21.Rf3 Bxb2 22.Qxb2 Rxf3
23.Nxf3 Qxe3+ 24.Kf1 Ba6 25.Ra3 Qe4 26.Kf2 Bxc4 27.Bxc4 Qxc4 28.Qb5 Ne4+
29.Ke3 Nf6+ 30.Kf2 Qc2+ 31.Kg3 Re2 32.Kh3 Qf5+  0-1

[Event "22nd Kavala Open 2013"]
[Site "Kavala GRE"]
[Date "2013.08.10"]
[Round "6.12"]
[White "Bulmaga,I"]
[Black "Ladopoulos,D"]
[Result "1-0"]
[WhiteElo "2410"]
[BlackElo "2051"]

1.e4 c5 2.Nf3 d6 3.d4 cxd4 4.Nxd4 Nf6 5.Nc3 a6 6.Be3 e6 7.f3 b5 8.a3 Bb7
9.g4 h6 10.Qd2 Nbd7 11.O-O-O Rc8 12.Kb1 d5 13.exd5 Nxd5 14.Nxd5 Bxd5 15.h4 e5
16.Re1 exd4 17.Bg5+ Be7 18.Bxe7 Qxe7 19.Rxe7+ Kxe7 20.Qxd4 Be6 21.Bd3 g6
22.f4 Rhe8 23.f5 gxf5 24.gxf5 Bc4 25.Re1+  1-0

[Event "Stare Mesto Open 2013"]
[Site "Stare Mesto CZE"]
[Date "2013.08.10"]
[Round "2.8"]
[White "Zemlicka,V"]
[Black "Jurcik,Mart"]
[Result "1/2-1/2"]
[WhiteElo "1991"]
[BlackElo "2347"]

1.e4 c5 2.Nf3 d6 3.d4 cxd4 4.Nxd4 Nf6 5.Nc3 a6 6.Be3 e5 7.Nb3 Be7 8.Qd2 O-O
9.f3 Be6 10.O-O-O Qc7 11.g4 Rc8 12.Kb1 Nbd7 13.g5 Nh5 14.Qf2 b5 15.Rg1 g6
16.Nd5 Bxd5 17.Rxd5 Rcb8 18.Rd2 a5 19.Nc1 a4 20.Ne2 Nb6 21.Bxb6 Rxb6 22.Nc3 Qc6
23.Nd5 Rb7 24.Qe3 Nf4 25.Nxf4 exf4 26.Qd4 a3 27.b3 Bf8 28.c4 Rc8 29.Rc2 Bg7
30.Qd5 Qb6 31.Rh1 Rc5 32.Qd2 Rbc7 33.Kc1 Rxg5 34.cxb5 Rgc5 35.Bc4 d5 36.exd5 Qf6
37.Kd1 Rd7 38.Re1 Rc8 39.Re4 Rcd8 40.Rxf4 Qg5 41.Rg4 Qf6 42.Ke2 Re7+ 43.Re4 Rxe4+
44.fxe4 Qh4 45.Kd3 f5 46.Qe3 Re8 47.d6+ Kh8 48.Bd5 fxe4+ 49.Bxe4 Qf6 50.Rc6 Rd8
51.Bd5 Qf1+ 52.Qe2 Qf4 53.Qe4 Qf1+ 54.Qe2 Qf4 55.Qe4 Qf1+ 56.Qe2  1/2-1/2

[Event "22nd ZMDI Open 2013"]
[Site "Dresden GER"]
[Date "2013.08.11"]
[Round "2.3"]
[White "Osmanodja,F"]
[Black "Shankland,S"]
[Result "0-1"]
[WhiteElo "2290"]
[BlackElo "2591"]

1.e4 c5 2.Nf3 d6 3.d4 cxd4 4.Nxd4 Nf6 5.Nc3 a6 6.Be3 e6 7.Be2 Qc7 8.f4 b5
9.a3 Bb7 10.Bf3 Nbd7 11.Qe2 Rc8 12.O-O Be7 13.g4 Nb6 14.g5 Nfd7 15.Bf2 O-O
16.Bg4 Kh8 17.Qf3 Nc5 18.b4 Ncd7 19.Nce2 g6 20.Qh3 Bxe4 21.Nxe6 fxe6 22.Bxe6 Bf5
23.Bd4+ Bf6 24.Bxf5 Bxd4+ 25.Nxd4 Qc4 26.Bxg6 Qxd4+ 27.Kh1 Qg7 28.Bf5 Rf7
29.Rad1 Rcf8 30.Bd3 Rxf4 31.Rxf4 Rxf4 32.g6 Ne5 33.gxh7 Qb7+ 34.Qg2 Qxg2+
35.Kxg2 Nxd3 36.Rxd3 Nc4 37.Kg3 Rf1  0-1

[Event "88th ch-FRA 2013"]
[Site "Nancy FRA"]
[Date "2013.08.11"]
[Round "1.3"]
[White "Edouard,R"]
[Black "Sebag,M"]
[Result "1-0"]
[WhiteElo "2662"]
[BlackElo "2527"]

1.e4 c5 2.Nc3 a6 3.Nge2 d6 4.d4 cxd4 5.Nxd4 Nf6 6.Be3 e5 7.Nb3 Be6 8.f3 Be7
9.Qd2 O-O 10.O-O-O Nbd7 11.g4 b5 12.Rg1 b4 13.Nd5 Bxd5 14.exd5 Nb6 15.Na5 Nfxd5
16.Nc6 Qc7 17.Nxe7+ Qxe7 18.Bxb6 Nxb6 19.Qxd6 Qg5+ 20.Qd2 Qe7 21.Bd3 a5 22.Qe3 Qc7
23.Rge1 Rfe8 24.h4 g6 25.Bb5 Rac8 26.Re2 Re6 27.h5 Nc4 28.Qd3 Qc5 29.Bxc4 Qxc4
30.Qxc4 Rxc4 31.h6 f5 32.Rd7 fxg4 33.Red2 Rd4 34.fxg4 g5 35.Rg7+ Kh8 36.Rxg5 Rxh6
37.Rxd4 exd4 38.Rxa5 Rh4 39.Rg5 Rh1+ 40.Kd2 Ra1 41.Rb5 Rxa2 42.Rxb4 Kg7 43.b3  1-0